ՀՀ Գիտությունների ազգային ակադեմիայի հիմնարար գիտական գրադարան  =   Fundamental Scientific Library of NAS RA

Advances in applied biology. (Record no. 209446)

MARC details
000 -LEADER
fixed length control field 00713cas a2200253 a 4500
001 - CONTROL NUMBER
control field 000548108
003 - CONTROL NUMBER IDENTIFIER
control field AM-YeHGA
005 - DATE AND TIME OF LATEST TRANSACTION
control field 20250617135911.0
008 - FIXED-LENGTH DATA ELEMENTS--GENERAL INFORMATION
fixed length control field 820126s19811984uk |||||||||||||||||eng|d
020 ## - INTERNATIONAL STANDARD BOOK NUMBER
International Standard Book Number 0120409070 (v. 7)
037 ## - SOURCE OF ACQUISITION
Source of stock number/acquisition Academic Press Inc., 111 Fifth Ave., New York, NY 10003
040 ## - CATALOGING SOURCE
Original cataloging agency AM-YeHGA
041 0# - LANGUAGE CODE
Language code of text/sound track or separate title eng
090 ## - LOCALLY ASSIGNED LC-TYPE CALL NUMBER (OCLC); LOCAL CALL NUMBER (RLIN)
-- 210952
245 00 - TITLE STATEMENT
Title Advances in applied biology.
260 ## - PUBLICATION, DISTRIBUTION, ETC.
Place of publication, distribution, etc. London ;
-- New York :
Name of publisher, distributor, etc. Academic Press,
Date of publication, distribution, etc. 1981-.
300 ## - PHYSICAL DESCRIPTION
Extent volume :
Other physical details ill. ;
Dimensions 24 cm.
505 1# - FORMATTED CONTENTS NOTE
Miscellaneous information V. 7 (1983; x, 425 p.) /
Statement of responsibility Ed. by T.H. Coaker
650 14 - SUBJECT ADDED ENTRY--TOPICAL TERM
Topical term or geographic name entry element Biology
650 14 - SUBJECT ADDED ENTRY--TOPICAL TERM
Topical term or geographic name entry element Biology, Economic
650 #0 - SUBJECT ADDED ENTRY--TOPICAL TERM
Topical term or geographic name entry element Pests
General subdivision Control
700 1# - ADDED ENTRY--PERSONAL NAME
Personal name Coaker, T. H.
Relationship edt
942 ## - ADDED ENTRY ELEMENTS (KOHA)
Source of classification or shelving scheme Universal Decimal Classification
Koha item type Գրքեր / Books
Holdings
Withdrawn status Lost status Source of classification or shelving scheme Damaged status Not for loan Collection Home library Current library Date acquired Serial enumeration / chronology Total checkouts Full call number Barcode Date last seen Price effective from Koha item type Public note
    Universal Decimal Classification     Gulbenkian Individual Collection Fundamental Scientific Library Fundamental Scientific Library 28/12/2016 V. 7   Gulb/5587 FL0013196 28/12/2016 28/12/2016 Գրքեր / Books ILL Non-Circ.


ՀՀ ԳԱԱ հիմնարար գիտական գրադարան
ՀՀ,Երևան 0019
Մարշալ Բաղրամյան 24/6
հեռախոս:(374-10) 52-47-50
Հետադարձ կապ

All site content, except where otherwise noted, is licensed under a
Creative Commons License